000 nam a22 7a 4500
999 _c20196
_d20196
008 170118b xxu||||| |||| 00| 0 eng d
020 _a9781890009878
050 _aHD 2365 .B46 2000
100 _aBendor-Samuel, Peter
_d2000.
245 _aTurning lead into gold:
_bThe demystification of outsourcing/
_cPeter Bendor-Samuel
260 _aUnited states:
_bExecutive excellence publishing,
_c2000.
300 _a249p.:
_bill.;
_c23cm.
650 _aContracting out.
650 _aContracting out -- Management.
650 _aIndustrial management -- Outsourcing.
942 _2lcc
_cBOOKS
_hHD 2365 .B46 2000